|
|
|
|
| LEADER |
00605cam a2200181 7i4500 |
| 001 |
0000022100 |
| 005 |
20081215090000.0 |
| 020 |
0 |
0 |
|a 978-0-7876-9627-6
|
| 090 |
0 |
0 |
|a AM.N 380.14025
|b TEL
|
| 245 |
0 |
0 |
|a Telecomunications directory :
|b volume 1 : North America.
|
| 250 |
0 |
0 |
|a 18th ed.
|
| 260 |
0 |
0 |
|a Detroit:
|b Gale,
|c 2008.
|
| 300 |
# |
# |
|a 961 p.
|
| 650 |
0 |
0 |
|a Telecomunications --
|x Directories --
|z United States of America
|
| 650 |
0 |
0 |
|a Telecomunications --
|x Directories --
|z Canada
|
| 651 |
0 |
0 |
|a United States of America
|
| 651 |
0 |
0 |
|a Canada
|
| 999 |
|
|
|a B000023541
|b Directories
|c Countries
|e Business Information Centre
|